000 01025nam a2200301 i 4500
001 bg
245 0 0 _aWyspy greckie /
_c[project ed. Jeffrey Pike ; przygot. ed. pol. Bogdan Rudnicki ; tł. Tymoteusz Kowalski].
246 _iTyt. oryg.:
_aGreek Islands
260 _aWarszawa :
_bMediaprofit,
_c2005.
300 _a[2], 348, [1] s. :
_bil. kolor., faks., fot., mapy, pl., portr. ;
_c23 cm.
490 1 _aBiblioteka Gazety Wyborczej. Podróże Marzeń ;
_v5
500 _aTyt. oryg.: "Greek Islands" 2003. Mapa i plan na wyklejkach.
504 _aIndeks.
651 9 _aGrecja
655 _aPrzewodniki turystyczne
700 1 _aPIKE, Jeffery.
_eRed.
700 1 _aRUDNICKI, Bogdan.
_eOprac.
700 1 _aKOWALSKI, Tymoteusz.
_eTł.
830 0 _aBiblioteka Gazety Wyborczej.
_pPodróże Marzeń
015 _aPB 20919/2005
020 _a8360174040
040 _cBPK
041 1 _apol
_heng
080 _a913(495)(036)
920 _a83-60174-04-0
942 _cKS
008 s pl f |000 0 pol
999 _c51660
_d51660
856 _uhttp://koha.tu.koszalin.pl/cgi-bin/koha/opac-detail.pl?biblionumber=51660
_yKatalog online BPK